| 000 | 01067cam a2200253 i 4500 | ||
|---|---|---|---|
| 003 | SA-RiAUC | ||
| 005 | 20250921121342.0 | ||
| 008 | 250920s1991 su g 00010 ara c | ||
| 040 |
_aSA-RiAUC _bara _cSA-RiAUC _erda |
||
| 082 | 0 | 4 | _a811.082 |
| 090 |
_a811.082 _bا ب و د |
||
| 100 | 1 |
_aأبو داهش، عبد الله محمد حسين، _d1370 هجري- _eمؤلف. |
|
| 245 | 1 | 0 |
_aمن بواكير الشعر السياسي الحديث في جزيرة العرب / _cعبد الله بن محمد أبو داهش. |
| 250 | _aالطبعة الأولى. | ||
| 264 | 1 |
_aجدة، السعودية : _bعبد الله بن محمد أبو داهش، _c1991 |
|
| 300 |
_a48 صفحة ؛ _c24 سم. |
||
| 336 |
_aنص _btxt _2rdacontent _3كتاب |
||
| 337 |
_aبدون وسيط _bn _2rdamedia |
||
| 338 |
_aمجلد _bnc _2rdacarrier |
||
| 440 | 0 |
_aدراسات في أدب الجزيرة العربية _v1 |
|
| 650 | 7 |
_aالشعر العربي _xتاريخ ونقد _yقرن 20 _2aucsh |
|
| 942 |
_2ddc _cBOOK _n0 |
||
| 949 |
_aSA-JeALM _d250920 _umohamedma123 _n1 |
||
| 999 |
_c11939 _d11939 |
||